Văn hóa các dân tộc Việt Nam
Trình bày một số đặc trưng cơ bản của dân tộc Việt Nam; bức tranh đa dạng văn hóa phong tục, đời sống các dân tộc Việt Nam; bức tranh đa dạng văn hóa nghệ thuật các dân tộc Việt Nam.
שמור ב:
| מחבר ראשי: | |
|---|---|
| פורמט: | ספר |
| שפה: | Undetermined |
| יצא לאור: |
H.
Văn hóa Thông tin
2010
|
| נושאים: | |
| גישה מקוונת: | http://lrc.tdmu.edu.vn/opac/search/detail.asp?aID=2&ID=19913 |
| תגים: |
הוספת תג
אין תגיות, היה/י הראשונ/ה לתייג את הרשומה!
|
| Thư viện lưu trữ: | Trung tâm Học liệu Trường Đại học Thủ Dầu Một |
|---|
| LEADER | 00931nam a2200205Ia 4500 | ||
|---|---|---|---|
| 001 | TDMU_19913 | ||
| 008 | 210410s9999 xx 000 0 und d | ||
| 082 | |a 390.09597 | ||
| 090 | |b NH309 | ||
| 100 | |a Nhiều tác giả | ||
| 245 | 0 | |a Văn hóa các dân tộc Việt Nam | |
| 245 | 0 | |c Nhiều tác giả (biên soạn) | |
| 260 | |a H. | ||
| 260 | |b Văn hóa Thông tin | ||
| 260 | |c 2010 | ||
| 300 | |a 447 tr. | ||
| 520 | |a Trình bày một số đặc trưng cơ bản của dân tộc Việt Nam; bức tranh đa dạng văn hóa phong tục, đời sống các dân tộc Việt Nam; bức tranh đa dạng văn hóa nghệ thuật các dân tộc Việt Nam. | ||
| 650 | |a Văn hóa |x Dân tộc |z Việt Nam | ||
| 856 | |u http://lrc.tdmu.edu.vn/opac/search/detail.asp?aID=2&ID=19913 | ||
| 980 | |a Trung tâm Học liệu Trường Đại học Thủ Dầu Một | ||